Automatizovaný dohľad nad vzdialenými pracovnými plochami

Saved in:
Bibliographic Details
Main Author: Forus, Samo, 1988- (Author)
Other Authors: Steinmuller, Branislav, 1972- (Thesis advisor)
Format: Manuscript Book
Language:Slovak
Published: Bratislava : STU v Bratislave FIIT, 2013
Subjects:
Online Access:VAIS
Tags: Add Tag
No Tags, Be the first to tag this record!

MARC

LEADER 00000ntm a22000003a 4500
001 stu275540
005 20150617230238.3
008 131003s2013----xo------------------slo-d
040 |a STU  |b slo 
041 0 |a slo 
044 |a xo 
100 1 |a Forus, Samo,  |d 1988-  |4 aut  |u I300  |U FIIT Fakulta informatiky a informačných technológií  |T FIIT Ústav aplikovanej informatiky  |X 56156  |U I300  |Y 180  |7 A000056156 
242 0 0 |a Automated remote desktop supervision  |y eng 
245 1 |a Automatizovaný dohľad nad vzdialenými pracovnými plochami 
260 |a Bratislava :  |b STU v Bratislave FIIT,  |c 2013 
300 |a 72 s  |c príl. 
650 7 |a Information Systems  |2 estusub 
700 1 |a Steinmuller, Branislav,  |d 1972-  |4 ths  |u I300  |U FIIT Fakulta informatiky a informačných technológií  |T FIIT Ústav aplikovanej informatiky  |X 1920  |U I300  |Y 180  |7 1920 
856 4 |a info a plný text  |u http://is.stuba.sk/zp/portal_zp.pl?podrobnosti=91219  |3 VAIS 
996 |b IDP88/13  |c I*DP88/13  |l II680  |s A  |a 24  |w stu275540_0001